[Event "GER-ch 80th"]
[Site "Saarbruecken"]
[Date "2009.02.11"]
[Round "6"]
[White "Siebrecht, Sebastian"]
[Black "Prusikin, Michael"]
[Result "0-1"]
[WhiteElo "2440"]
[BlackElo "2529"]
[EventDate "2009.02.06"]
[PlyCount "142"]

1. d4 Nf6 2. c4 g6 3. Nc3 Bg7 4. e4 d6 5. Nge2 O-O 6. Ng3 e5 7. d5 a5 8. Be2 Na6 9. h4 c6 10. h5 cxd5 11. exd5 Nd7 12. hxg6 hxg6 13. Bh6 f5 14. Qd2 f4 15. Nge4 Ndc5 16. Bg5 Nxe4 17. Nxe4 Qc7 18. Nc3 Nc5 19. O-O-O Bd7 20. g4 Rae8 21. f3 b5 22. Bd3 Nxd3+ 23. Qxd3 e4 24. Nxe4 bxc4 25. Qc2 Rb8 26. Nc3 Qb6 27. Rde1 Rfe8 28. Bxf4 Rxe1+ 29. Rxe1 Be8 30. Be3 Qb4 31. a3 Qb3 32. Bd2 Bf7 33. Re7 Bf6 34. Rd7 Qb6 35. Nd1 Rb7 36. Bxa5 Bxb2+ 37. Kb1 Qxa5 38. Rxb7 Bf6 39. Qxc4 Qxa3 40. Qc8+ Kg7 41. Nb2 Qxf3 42. Qc4 g5 43. Nd3 Qd1+ 44. Nc1 Qf3 45. Kc2 Qg2+ 46. Ne2 Be5 47. Kb3 Kf6 48. Rb5 Qf3+ 49. Kb4 Qe3 50. Rb7 Qd2+ 51. Nc3 Qb2+ 52. Qb3 Bxc3+ 53. Kc4 Qxb3+ 54. Rxb3 Be5 55. Rf3+ Kg7 56. Rf1 Bg6 57. Re1 Bc2 58. Kb5 Bg3 59. Rg1 Bf2 60. Rc1 Be4 61. Kc6 Bc5 62. Rf1 Bg2 63. Rf5 Kg6 64. Rf8 Bh3 65. Rg8+ Kf6 66. Rf8+ Kg7 67. Rf3 Bg2 68. Rf5 Kg6 69. Rf8 Be4 70. Rg8+ Kf6 71. Rf8+ Ke5 0-1

[Event "GER-ch 80th"]
[Site "Saarbruecken"]
[Date "2009.02.11"]
[Round "6"]
[White "Sternheimer, Erhard"]
[Black "Jorczik, Julian Marcel"]
[Result "1/2-1/2"]
[WhiteElo "2224"]
[BlackElo "2381"]
[EventDate "2009.02.06"]
[PlyCount "70"]

1. e4 e6 2. d4 d5 3. exd5 exd5 4. Bd3 Nc6 5. c3 Bd6 6. Nf3 Bg4 7. O-O Nge7 8. h3 Bh5 9. Re1 Qd7 10. Nbd2 O-O-O 11. Nf1 f6 12. Ng3 Bg6 13. b4 Kb8 14. a4 Bxd3 15. Qxd3 h5 16. a5 a6 17. b5 axb5 18. Qxb5 Ne5 19. Qxd7 Nxf3+ 20. gxf3 Rxd7 21. Ba3 Bxa3 22. Rxa3 h4 23. Nf1 Ng6 24. Rb3 Ka7 25. Reb1 Rb8 26. Ne3 Nf4 27. Kh2 g5 28. Rb5 Ka6 29. Rc5 Ka7 30. Rcb5 Rd6 31. R1b3 Ra6 32. Nxd5 c6 33. Nc7 cxb5 34. Nxb5+ Ka8 35. Nc7+ Ka7 1/2-1/2

[Event "GER-ch 80th"]
[Site "Saarbruecken"]
[Date "2009.02.11"]
[Round "6"]
[White "Strache, Michael"]
[Black "Riegler, Dieter"]
[Result "1-0"]
[WhiteElo "2218"]
[BlackElo "2142"]
[EventDate "2009.02.06"]
[PlyCount "97"]

1. Nf3 Nf6 2. g3 g6 3. Bg2 Bg7 4. O-O O-O 5. d4 d6 6. Re1 Nbd7 7. e4 e5 8. c4 exd4 9. Nxd4 Re8 10. Nc3 a6 11. h3 Nc5 12. Bf4 Ne6 13. Be3 Nd7 14. Rc1 Ne5 15. Nxe6 fxe6 16. b3 c5 17. f4 Nc6 18. e5 dxe5 19. Bxc5 exf4 20. gxf4 Qa5 21. Na4 Rd8 22. Qg4 Bd4+ 23. Bxd4 Nxd4 24. Rcd1 Nf5 25. Re5 Qc7 26. c5 Rxd1+ 27. Qxd1 Bd7 28. Nb6 Rd8 29. Qe1 Bc6 30. Bf1 Rd4 31. Bc4 Qd8 32. Bxe6+ Kg7 33. Qc3 Kh6 34. Bxf5 Rd1+ 35. Kf2 Rd2+ 36. Ke1 Rd1+ 37. Kf2 Rd2+ 38. Ke1 Rd1+ 39. Ke2 gxf5 40. Re6+ Kh5 41. Nc4 Rg1 42. Nd6 Rg2+ 43. Kd1 Rg1+ 44. Kc2 Rg2+ 45. Kc1 Bd5 46. Rf6 Be4 47. Rh6+ Kxh6 48. Nf7+ Kg6 49. Nxd8 1-0

[Event "GER-ch 80th"]
[Site "Saarbruecken"]
[Date "2009.02.11"]
[Round "6"]
[White "Tabatt, Hendrik"]
[Black "Mueller, Reinhold"]
[Result "1-0"]
[WhiteElo "2322"]
[BlackElo "2229"]
[EventDate "2009.02.06"]
[PlyCount "61"]

1. c4 Nf6 2. Nc3 g6 3. e4 d6 4. d4 Bg7 5. Nf3 O-O 6. Be2 c5 7. O-O Bg4 8. dxc5 dxc5 9. Qb3 Qc8 10. Be3 b6 11. e5 Nfd7 12. h3 Be6 13. Nd5 Nc6 14. Ng5 Ndxe5 15. f4 Bxd5 16. cxd5 Na5 17. Qc2 Nd7 18. f5 Ne5 19. Qe4 h6 20. fxg6 hxg5 21. gxf7+ Rxf7 22. Rxf7 Kxf7 23. Qh7 Nd7 24. Bh5+ Kf8 25. Rf1+ Nf6 26. Bxg5 Qa6 27. Bxf6 Qxf1+ 28. Kxf1 exf6 29. d6 Rd8 30. Qe4 Kg8 31. d7 1-0

[Event "GER-ch 80th"]
[Site "Saarbruecken"]
[Date "2009.02.11"]
[Round "6"]
[White "Vatter, Hans Joachim"]
[Black "Hort, Alexej"]
[Result "0-1"]
[WhiteElo "2322"]
[BlackElo "2232"]
[EventDate "2009.02.06"]
[PlyCount "48"]

1. e4 c5 2. Nf3 d6 3. d4 cxd4 4. Qxd4 Bd7 5. c4 Nc6 6. Qe3 g6 7. Nc3 Bg7 8. Be2 Nh6 9. O-O O-O 10. Rb1 f5 11. b4 Ng4 12. Qd2 fxe4 13. Nxe4 Bf5 14. Bd3 a5 15. Neg5 Qd7 16. bxa5 Rxa5 17. Bxf5 Raxf5 18. Bb2 h6 19. Ne4 Bxb2 20. Qxb2 Rxf3 21. gxf3 Nge5 22. f4 Qg4+ 23. Kh1 Qf3+ 24. Kg1 Nd3 0-1

[Event "GER-ch 80th"]
[Site "Saarbruecken"]
[Date "2009.02.11"]
[Round "6"]
[White "Zelbel, Patrick"]
[Black "Von Herman, Ulf"]
[Result "1-0"]
[WhiteElo "2294"]
[BlackElo "2378"]
[EventDate "2009.02.06"]
[PlyCount "61"]

1. e4 c5 2. c3 d5 3. exd5 Qxd5 4. Nf3 g6 5. Na3 Bg7 6. Bc4 Qe4+ 7. Kf1 Nh6 8. Qa4+ Kf8 9. d3 Qf5 10. Nc2 Bd7 11. Qb3 Bc6 12. Ne3 Qd7 13. Ng5 b5 14. Bd5 e6 15. Bxe6 Qxd3+ 16. Kg1 Bf6 17. Nxf7 Nxf7 18. Bxf7 c4 19. Nxc4 bxc4 20. Bxc4 Qe4 21. Bh6+ Ke8 22. f3 Qe5 23. Kf2 Qc5+ 24. Be3 Qh5 25. Rhe1 Kf8 26. Bh6+ Qxh6 27. Qb4+ Kg7 28. Re7+ Kf8 29. Rf7+ Ke8 30. Re1+ Kd8 31. Qa5+ 1-0

[Event "GER-ch 80th"]
[Site "Saarbruecken"]
[Date "2009.02.11"]
[Round "6"]
[White "Zude, Arno"]
[Black "Braun, Arik"]
[Result "0-1"]
[WhiteElo "2465"]
[BlackElo "2558"]
[EventDate "2009.02.06"]
[PlyCount "104"]

1. e4 e6 2. d4 d5 3. Nc3 Bb4 4. e5 c5 5. a3 Bxc3+ 6. bxc3 Qc7 7. Qg4 f5 8. Qg3 cxd4 9. cxd4 Ne7 10. Ne2 O-O 11. c3 b6 12. Nf4 Qd7 13. a4 Ba6 14. Bb5 Nec6 15. h4 Bxb5 16. axb5 Na5 17. h5 Qf7 18. Ba3 Re8 19. h6 g6 20. Nh5 Rc8 21. Nf6+ Kh8 22. Qg5 Nc4 23. O-O Nd7 24. Nxd7 Nxa3 25. Rxa3 Qxd7 26. Rfa1 Rc7 27. Ra6 Re8 28. Qc1 Kg8 29. Qa3 Re7 30. Qd6 Kf7 31. f4 Qxb5 32. Qd8 Qe8 33. Qxe8+ Kxe8 34. R1a3 Kf7 35. g4 fxg4 36. Kf2 Ke8 37. Kg3 Kd8 38. Kxg4 Kc8 39. f5 gxf5+ 40. Kf4 Kb8 41. Ra1 Rxc3 42. Rg1 Kb7 43. Ra2 a5 44. Rg7 Rcc7 45. Rag2 a4 46. Rxe7 Rxe7 47. Rg7 Rc7 48. Kg5 a3 49. Kf6 a2 50. Rg1 b5 51. Kxe6 b4 52. Kd6 Kb6 0-1

[Event "GER-ch 80th"]
[Site "Saarbruecken"]
[Date "2009.02.12"]
[Round "7"]
[White "Baramidze, David"]
[Black "Bastian, Herbert"]
[Result "1-0"]
[WhiteElo "2548"]
[BlackElo "2361"]
[EventDate "2009.02.06"]
[PlyCount "83"]

1. e4 c5 2. Nf3 a6 3. c4 e6 4. Nc3 d6 5. d4 cxd4 6. Nxd4 Nf6 7. Be2 Be7 8. O-O O-O 9. Be3 Nc6 10. Nc2 Rb8 11. f3 Re8 12. Qe1 Qc7 13. Qf2 Nd7 14. Rac1 Bf6 15. Rfd1 b6 16. Qg3 Nde5 17. f4 Nd7 18. Bf2 Bb7 19. Kh1 Rbc8 20. b3 Qb8 21. e5 Be7 22. Ne4 Ncxe5 23. fxe5 Bxe4 24. exd6 Bf6 25. Ne1 Bc6 26. b4 Ba4 27. Rd2 Red8 28. Qa3 Bc6 29. c5 bxc5 30. bxc5 Qa7 31. Qxa6 Qxa6 32. Bxa6 Ra8 33. Bc4 Bg5 34. Rdc2 Bxc1 35. Rxc1 Rdc8 36. Nd3 Rab8 37. Ba6 Rd8 38. h3 Ra8 39. Nb4 Nb8 40. Nxc6 Nxc6 41. Bb7 Rxa2 42. Bh4 1-0

[Event "GER-ch 80th"]
[Site "Saarbruecken"]
[Date "2009.02.12"]
[Round "7"]
[White "Beikert, Guenther"]
[Black "Bischoff, Klaus"]
[Result "0-1"]
[WhiteElo "2470"]
[BlackElo "2545"]
[EventDate "2009.02.06"]
[PlyCount "83"]

1. d4 Nf6 2. Nf3 e6 3. c4 b6 4. e3 Bb7 5. Nc3 Bb4 6. Bd3 O-O 7. O-O c5 8. Na4 cxd4 9. exd4 Be7 10. a3 Ne4 11. Re1 f5 12. Nc3 Nxc3 13. bxc3 Nc6 14. d5 exd5 15. cxd5 Na5 16. c4 Rc8 17. Nd4 Bc5 18. Bb2 Qf6 19. Bf1 Ba6 20. Rc1 Qh4 21. g3 Qh6 22. Rc2 f4 23. Qg4 Rf7 24. Bd3 Rcf8 25. Ree2 Bxd4 26. Bxd4 Nb3 27. Bb2 Nc5 28. Be4 d6 29. Bc1 Bc8 30. Qf3 Qh3 31. g4 Qh4 32. h3 h5 33. Bg6 hxg4 34. Bxf7+ Rxf7 35. hxg4 Rf8 36. Re1 Bxg4 37. Qg2 Nd3 38. Re4 Bh3 39. Qg6 Bf5 40. Qg2 Rf6 41. Re8+ Kf7 42. Re6 0-1

[Event "GER-ch 80th"]
[Site "Saarbruecken"]
[Date "2009.02.12"]
[Round "7"]
[White "Boidman, Yuri"]
[Black "Zude, Arno"]
[Result "1/2-1/2"]
[WhiteElo "2415"]
[BlackElo "2465"]
[EventDate "2009.02.06"]
[PlyCount "119"]

1. e4 e6 2. Nf3 d5 3. Nc3 Nf6 4. e5 Nfd7 5. d4 c5 6. Bb5 Nc6 7. Bxc6 bxc6 8. O-O Be7 9. dxc5 O-O 10. Qd4 Bxc5 11. Qg4 f5 12. Qg3 Bb6 13. Na4 c5 14. a3 Qe7 15. b4 Ba6 16. Re1 Bb5 17. Nxb6 axb6 18. Rb1 Bc6 19. c3 Rfc8 20. h4 Qe8 21. Ra1 Ra4 22. Bb2 Rca8 23. Rad1 h6 24. Bc1 Kh7 25. Kh2 Nb8 26. Ng1 Qe7 27. Nh3 Be8 28. Nf4 Bf7 29. f3 Nc6 30. Rxd5 exd5 31. e6 Be8 32. Nxd5 Qd8 33. c4 Nd4 34. Bf4 Bc6 35. e7 Qg8 36. Nxb6 Rxa3 37. h5 Qf7 38. Nxa8 Rxa8 39. bxc5 Ra2 40. Qg6+ Qxg6 41. hxg6+ Kxg6 42. e8=Q+ Bxe8 43. Rxe8 Kf7 44. Rc8 Rc2 45. c6 Nxf3+ 46. Kh1 Rxc4 47. c7 Nd4 48. Rb8 Ne6 49. Be5 Nxc7 50. Rb7 g5 51. Bxc7 Kg6 52. Rb6+ Kh5 53. Be5 f4 54. Kh2 g4 55. Bd6 Kg5 56. Be7+ Kh5 57. Rf6 Re4 58. Bd8 Re8 59. Bc7 Kg5 60. Rxf4 1/2-1/2

[Event "GER-ch 80th"]
[Site "Saarbruecken"]
[Date "2009.02.12"]
[Round "7"]
[White "Buhmann, Rainer"]
[Black "Meier, Georg"]
[Result "1-0"]
[WhiteElo "2565"]
[BlackElo "2608"]
[EventDate "2009.02.06"]
[PlyCount "49"]

1. Nf3 Nf6 2. c4 e6 3. g3 d5 4. d4 dxc4 5. Bg2 c5 6. O-O Nc6 7. Qa4 Bd7 8. Qxc4 cxd4 9. Nxd4 Rc8 10. Nc3 Nxd4 11. Qxd4 Bc5 12. Qh4 O-O 13. Bxb7 Rb8 14. Bf3 Rb4 15. Qg5 Bd4 16. Qd2 Qc7 17. a4 a5 18. Nb5 Bxb5 19. axb5 Rd8 20. e3 Be5 21. Qe2 Ne4 22. Bxe4 Rxe4 23. Bd2 Qc2 24. Rfc1 Qxb2 25. Qd3 1-0

[Event "GER-ch 80th"]
[Site "Saarbruecken"]
[Date "2009.02.12"]
[Round "7"]
[White "Gross, Georg"]
[Black "Sternheimer, Erhard"]
[Result "1-0"]
[WhiteElo "2351"]
[BlackElo "2224"]
[EventDate "2009.02.06"]
[PlyCount "43"]

1. d4 Nf6 2. Nf3 e6 3. g3 c5 4. Bg2 Nc6 5. O-O cxd4 6. Nxd4 Qb6 7. Nxc6 dxc6 8. a4 a5 9. Nd2 e5 10. Nc4 Qc7 11. Be3 Ra6 12. Qd3 Be6 13. Rad1 Nd5 14. Bc1 Ra8 15. Qe4 f6 16. f4 Nb6 17. Nxb6 Qxb6+ 18. Kh1 Qb4 19. fxe5 Qxe4 20. Bxe4 fxe5 21. Bf5 Bg8 22. Bd7+ 1-0

[Event "GER-ch 80th"]
[Site "Saarbruecken"]
[Date "2009.02.12"]
[Round "7"]
[White "Hausrath, Daniel"]
[Black "Zelbel, Patrick"]
[Result "1/2-1/2"]
[WhiteElo "2493"]
[BlackElo "2294"]
[EventDate "2009.02.06"]
[PlyCount "83"]

1. Nf3 d5 2. b3 Nf6 3. Bb2 c6 4. e3 Bf5 5. c4 e6 6. Be2 Nbd7 7. Nc3 h6 8. O-O Be7 9. cxd5 exd5 10. d3 O-O 11. Qd2 Re8 12. Rad1 Bg6 13. Qc1 Qc7 14. Rfe1 Bd6 15. Ba3 Ne5 16. Bxd6 Qxd6 17. Na4 Nxf3+ 18. Bxf3 d4 19. e4 Nd7 20. Bg4 Nf6 21. Bh3 Bh5 22. f3 g5 23. Bf5 Kg7 24. Rf1 Re5 25. g4 Bg6 26. f4 gxf4 27. Qxf4 Rd8 28. Nb2 b5 29. Rc1 Re7 30. Rc2 Qxf4 31. Rxf4 Bxf5 32. Rxf5 Re6 33. g5 Nd7 34. gxh6+ Rxh6 35. Rg5+ Kf6 36. Rf5+ Ke7 37. Nd1 Rg8+ 38. Rg2 Rhg6 39. Rxg6 Rxg6+ 40. Kf1 Rh6 41. Kg2 Rg6+ 42. Kf1 1/2-1/2

[Event "GER-ch 80th"]
[Site "Saarbruecken"]
[Date "2009.02.12"]
[Round "7"]
[White "Khenkin, Igor"]
[Black "Fridman, Daniel"]
[Result "1/2-1/2"]
[WhiteElo "2644"]
[BlackElo "2650"]
[EventDate "2009.02.06"]
[PlyCount "30"]

1. d4 Nf6 2. c4 e6 3. Nf3 d5 4. g3 dxc4 5. Bg2 Nc6 6. Qa4 Bb4+ 7. Bd2 Nd5 8. Bxb4 Ndxb4 9. O-O Rb8 10. Nc3 a6 11. Ne5 O-O 12. Nxc6 Nxc6 13. Bxc6 bxc6 14. Qxc4 Qd6 15. Ne4 Qd5 1/2-1/2

[Event "GER-ch 80th"]
[Site "Saarbruecken"]
[Date "2009.02.12"]
[Round "7"]
[White "Markgraf, Alexander"]
[Black "Wichmann, Cliff"]
[Result "1/2-1/2"]
[WhiteElo "2463"]
[BlackElo "2389"]
[EventDate "2009.02.06"]
[PlyCount "20"]

1. e4 e6 2. d4 d5 3. e5 c5 4. c3 Bd7 5. Nf3 a6 6. Bd3 cxd4 7. Nxd4 Ne7 8. Qe2 Nbc6 9. Nxc6 Nxc6 10. O-O Qc7 1/2-1/2

[Event "GER-ch 80th"]
[Site "Saarbruecken"]
[Date "2009.02.12"]
[Round "7"]
[White "Mayer, Frank1"]
[Black "Vatter, Hans Joachim"]
[Result "1-0"]
[WhiteElo "2331"]
[BlackElo "2322"]
[EventDate "2009.02.06"]
[PlyCount "95"]

1. Nf3 Nf6 2. c4 e6 3. g3 d5 4. Bg2 dxc4 5. O-O Nbd7 6. Qc2 a6 7. a4 a5 8. Na3 Bxa3 9. Rxa3 Nb6 10. d3 cxd3 11. Rxd3 Qe7 12. Be3 Nfd5 13. Bc5 Nb4 14. Qc3 Qf6 15. Bd4 Qe7 16. Bxg7 Nxd3 17. Qxd3 Rf8 18. Bxf8 Qxf8 19. Ng5 h6 20. Ne4 Nd5 21. Rd1 Bd7 22. Nc3 c6 23. Bxd5 exd5 24. e4 O-O-O 25. exd5 cxd5 26. Qxd5 Bc6 27. Qf5+ Kb8 28. Qe5+ Kc8 29. Qf5+ Kb8 30. Qe5+ Kc8 31. Nd5 Rxd5 32. Rxd5 Bxd5 33. Qxd5 Qb4 34. b3 f6 35. Kg2 Kb8 36. h4 Qc3 37. Kh3 Qc8+ 38. Kh2 Qc3 39. Kg2 Ka7 40. Qf3 Qb4 41. Qe3+ b6 42. Qxh6 Qxb3 43. Qg7+ Ka6 44. Qd7 Qc2 45. Qe8 Ka7 46. h5 Qd2 47. Qf7+ Kb8 48. Qxf6 1-0

[Event "GER-ch 80th"]
[Site "Saarbruecken"]
[Date "2009.02.12"]
[Round "7"]
[White "Mueller, Hans Georg"]
[Black "Malek, Daniel"]
[Result "1-0"]
[WhiteElo "2250"]
[BlackElo "2306"]
[EventDate "2009.02.06"]
[PlyCount "159"]

1. e4 c6 2. d4 d5 3. f3 e6 4. Nc3 Bb4 5. Bf4 Ne7 6. Nge2 O-O 7. Qd3 b6 8. O-O-O Ba6 9. Qe3 c5 10. a3 Bxc3 11. Qxc3 Bxe2 12. Bxe2 c4 13. h4 Nbc6 14. h5 b5 15. Qe1 a5 16. Qg3 f6 17. Bd6 Rf7 18. c3 Nc8 19. Bc5 b4 20. Qh3 f5 21. Rd2 Nb6 22. Bd1 Nd7 23. exd5 exd5 24. Re1 Qc7 25. Qh4 Rb8 26. Bc2 Qb7 27. axb4 axb4 28. Rde2 Nxc5 29. Re8+ Rf8 30. Rxf8+ Kxf8 31. dxc5 bxc3 32. bxc3 d4 33. Qf4 g6 34. Qh6+ Qg7 35. Qxg7+ Kxg7 36. Ba4 Ra8 37. Bxc6 Ra1+ 38. Kd2 dxc3+ 39. Ke2 Ra5 40. hxg6 Rxc5 41. Ba4 Ra5 42. Ra1 hxg6 43. Ra2 Kf6 44. Kd1 Ke5 45. Kc1 Kd4 46. Bb3 Rb5 47. Bd1 Ke3 48. g4 Kf4 49. Ra4 Rc5 50. Kc2 Rc6 51. Kxc3 Rd6 52. Rxc4+ Ke3 53. Kc2 Rd2+ 54. Kc1 Rd6 55. Rc3+ Kf4 56. gxf5 gxf5 57. Ba4 Rd4 58. Bc6 Rd6 59. Kc2 Kg3 60. Kb3 Kf4 61. Kb4 Ke5 62. Kc5 Rd2 63. Re3+ Kf4 64. Ra3 Rd1 65. Bd5 Rd2 66. Kd6 Re2 67. Ra7 Re1 68. Rf7 Re3 69. Kc5 Rd3 70. Be4 Ra3 71. Rxf5+ Ke3 72. Kd5 Ra5+ 73. Ke6 Ra6+ 74. Kf7 Ra7+ 75. Kg6 Ra6+ 76. Rf6 Ra1 77. Bc6 Rf1 78. Kg5 Rc1 79. Re6+ Kd4 80. f4 1-0

[Event "GER-ch 80th"]
[Site "Saarbruecken"]
[Date "2009.02.12"]
[Round "7"]
[White "Mueller, Reinhold"]
[Black "Hirneise, Jens"]
[Result "1-0"]
[WhiteElo "2229"]
[BlackElo "2325"]
[EventDate "2009.02.06"]
[PlyCount "77"]

1. d4 Nf6 2. c4 g6 3. Nc3 Bg7 4. e4 d6 5. f4 O-O 6. Nf3 c5 7. d5 b5 8. cxb5 a6 9. a4 axb5 10. Bxb5 Ba6 11. Bxa6 Nxa6 12. O-O Qb6 13. e5 c4+ 14. Kh1 Nd7 15. Qe2 Nac5 16. e6 fxe6 17. dxe6 Nf6 18. Qxc4 Nb3 19. Rb1 d5 20. Nxd5 Nxd5 21. Qxd5 Rxa4 22. Ne5 Ra5 23. Qc6 Qd4 24. Qc4 Rxe5 25. Qxb3 Qf2 26. Bd2 Qe2 27. Rfe1 Qb5 28. Qxb5 Rxb5 29. b4 Rd8 30. Re2 Rbd5 31. Be1 Rd1 32. Rxd1 Rxd1 33. Kg1 Rb1 34. Kf2 Bd4+ 35. Kf3 Kg7 36. Ke4 Ba1 37. Kd5 Kf6 38. Bh4+ Kf5 39. Bxe7 1-0

[Event "GER-ch 80th"]
[Site "Saarbruecken"]
[Date "2009.02.12"]
[Round "7"]
[White "Riegler, Dieter"]
[Black "Mehlhorn, Uwe"]
[Result "1/2-1/2"]
[WhiteElo "2142"]
[BlackElo "2151"]
[EventDate "2009.02.06"]
[PlyCount "37"]

1. d4 d6 2. Nf3 g6 3. c4 Bg7 4. Nc3 Nd7 5. e4 e5 6. Bg5 f6 7. Be3 Nh6 8. dxe5 Nxe5 9. Nxe5 fxe5 10. Be2 Be6 11. c5 Nf7 12. Bg4 Bxg4 13. Qxg4 O-O 14. Rd1 Qc8 15. Qe2 Qe6 16. O-O c6 17. Rd2 Rfd8 18. Rfd1 Bf8 19. cxd6 1/2-1/2

[Event "GER-ch 80th"]
[Site "Saarbruecken"]
[Date "2009.02.12"]
[Round "7"]
[White "Strohhaeker, Raoul"]
[Black "Tabatt, Hendrik"]
[Result "1/2-1/2"]
[WhiteElo "2451"]
[BlackElo "2322"]
[EventDate "2009.02.06"]
[PlyCount "82"]

1. e4 e5 2. Nf3 Nc6 3. Bc4 Bc5 4. d3 Nf6 5. c3 d6 6. Nbd2 a6 7. Bb3 O-O 8. O-O Ba7 9. Re1 Kh8 10. h3 Nh5 11. Nf1 Qf6 12. Be3 Nf4 13. Ng3 Bxe3 14. fxe3 Qg6 15. Kh2 Nh5 16. Nh1 Qh6 17. g4 Nf6 18. Kg2 Nxg4 19. hxg4 Bxg4 20. Ng3 Ne7 21. Rh1 Qxe3 22. Qe2 Qf4 23. Qf2 Ng6 24. Nh2 Qg5 25. Nxg4 Qxg4 26. Qf5 Nf4+ 27. Kf2 Nxd3+ 28. Kf1 Qxf5+ 29. exf5 Nf4 30. Kf2 g6 31. f6 h5 32. Rag1 Kh7 33. Bc2 Kh6 34. Bd1 Rae8 35. Bg4 d5 36. Bxh5 Nxh5 37. Rxh5+ gxh5 38. Nf5+ Kh7 39. Rg7+ Kh8 40. Rg5 Kh7 41. Nh4 Re6 1/2-1/2

[Event "GER-ch 80th"]
[Site "Saarbruecken"]
[Date "2009.02.12"]
[Round "7"]
[White "Strunski, Andreas"]
[Black "Heinig, Wolfram"]
[Result "0-1"]
[WhiteElo "2287"]
[BlackElo "2328"]
[EventDate "2009.02.06"]
[PlyCount "76"]

1. d4 Nf6 2. c4 d6 3. Nc3 Nbd7 4. e4 e5 5. Nf3 Be7 6. Be2 O-O 7. O-O c6 8. Be3 Ng4 9. Bd2 a6 10. d5 cxd5 11. cxd5 b5 12. Ne1 Ngf6 13. Nc2 Nc5 14. f3 Bd7 15. b4 Na4 16. Nxa4 bxa4 17. Ne3 Ne8 18. Nc4 Bg5 19. Be1 f5 20. exf5 Rxf5 21. Bf2 Bb5 22. Na5 Bh4 23. g3 Bg5 24. Bxb5 axb5 25. Nc6 Qf6 26. h4 Bh6 27. Kg2 g6 28. Qd3 Ng7 29. Qxb5 Rf8 30. Bb6 Rxf3 31. Bd8 Rf2+ 32. Rxf2 Qxf2+ 33. Kh1 Nh5 34. Rg1 Nxg3+ 35. Rxg3 Qxg3 36. Bg5 Bxg5 37. hxg5 Qh4+ 38. Kg1 Qe1+ 0-1

[Event "GER-ch 80th"]
[Site "Saarbruecken"]
[Date "2009.02.12"]
[Round "7"]
[White "Von Herman, Ulf"]
[Black "Hundack, Rolf"]
[Result "1-0"]
[WhiteElo "2378"]
[BlackElo "2139"]
[EventDate "2009.02.06"]
[PlyCount "85"]

1. d4 Nf6 2. c4 e6 3. Nc3 d5 4. cxd5 exd5 5. Bg5 Be7 6. e3 c6 7. Bd3 O-O 8. Qc2 Nbd7 9. Nge2 Re8 10. O-O Nf8 11. Rab1 a5 12. f3 Be6 13. e4 dxe4 14. fxe4 Ng4 15. Bxe7 Qxe7 16. Qd2 Ng6 17. h3 Nf6 18. Rbd1 Rad8 19. e5 Nd5 20. Ne4 Nb4 21. Nd6 Rf8 22. Bb1 Ra8 23. Ng3 Nd5 24. Ndf5 Qb4 25. Qc2 Rac8 26. h4 Rfd8 27. h5 Nf8 28. a3 Qb6 29. h6 g6 30. Nd6 Rb8 31. Nge4 Qc7 32. Qf2 Qe7 33. Qg3 Nd7 34. Rd2 Rf8 35. Rdf2 Kh8 36. Ba2 Kg8 37. Ng5 b5 38. Ndxf7 b4 39. Nxe6 Qxe6 40. Ng5 Qe7 41. Bxd5+ cxd5 42. e6 Nb6 43. Rf7 1-0

[Event "GER-ch 80th"]
[Site "Saarbruecken"]
[Date "2009.02.12"]
[Round "7"]
[White "Westphal, Wolfgang"]
[Black "Stahr, Ralf Peter"]
[Result "1-0"]
[WhiteElo "2242"]
[BlackElo "2158"]
[EventDate "2009.02.06"]
[PlyCount "79"]

1. e4 c5 2. Nf3 Nc6 3. d4 cxd4 4. Nxd4 g6 5. Nc3 Bg7 6. Nxc6 bxc6 7. Bc4 d6 8. O-O e6 9. Bf4 e5 10. Be3 Nf6 11. h3 O-O 12. Qd3 Qc7 13. Rad1 Rd8 14. f4 Bb7 15. fxe5 dxe5 16. Qe2 Rxd1 17. Qxd1 Rd8 18. Qf3 Bc8 19. Qf2 Rd7 20. g4 h5 21. Qh4 Qd6 22. Be2 hxg4 23. hxg4 Rb7 24. g5 Ne8 25. Rd1 Qe7 26. b3 Nc7 27. Na4 Ne6 28. Bg4 Rd7 29. Rf1 Rd6 30. Nc5 Rd8 31. Bxe6 Bxe6 32. Kg2 Bc8 33. Rh1 a5 34. Qh7+ Kf8 35. Na4 Rd4 36. c3 Rxa4 37. bxa4 Qa3 38. Rf1 Qxc3 39. Qxg6 Be6 40. Qxe6 1-0

[Event "GER-ch 80th"]
[Site "Saarbruecken"]
[Date "2009.02.12"]
[Round "7"]
[White "Zierke, Oliver"]
[Black "Oberhofer, Andre"]
[Result "1-0"]
[WhiteElo "2300"]
[BlackElo "2202"]
[EventDate "2009.02.06"]
[PlyCount "43"]

1. d4 d5 2. c4 e6 3. Nc3 Nf6 4. Bg5 Be7 5. e3 O-O 6. Nf3 Nbd7 7. Qc2 c6 8. Rd1 h6 9. Bh4 a6 10. a3 b5 11. c5 a5 12. b4 Re8 13. Be2 e5 14. dxe5 Ng4 15. Bg3 axb4 16. axb4 f6 17. e4 Ngxe5 18. Nd4 Bb7 19. exd5 cxd5 20. O-O Qc8 21. Bxb5 Ra3 22. Nb1 1-0

[Event "GER-ch 80th"]
[Site "Saarbruecken"]
[Date "2009.02.12"]
[Round "7"]
[White "Zude, Erik"]
[Black "Wippermann, Till"]
[Result "1-0"]
[WhiteElo "2397"]
[BlackElo "2456"]
[EventDate "2009.02.06"]
[PlyCount "75"]

1. d4 Nf6 2. c4 e6 3. Nc3 Bb4 4. e3 b6 5. Nge2 Ba6 6. Ng3 O-O 7. Bd3 Nc6 8. O-O Bxc3 9. bxc3 Na5 10. Qe2 d5 11. cxd5 Bxd3 12. Qxd3 exd5 13. f3 Qd7 14. e4 Qc6 15. e5 Nd7 16. f4 f6 17. Ba3 Rfe8 18. Rae1 Nc4 19. Bc1 g6 20. Nh1 f5 21. g4 Qe6 22. Ng3 Rf8 23. Re2 Rf7 24. Rg2 Kh8 25. h4 Raf8 26. h5 fxg4 27. Rh2 Kg8 28. Kg2 c5 29. hxg6 hxg6 30. Rh6 Rf5 31. Rfh1 Qe8 32. Nxf5 gxf5 33. Rh8+ Kg7 34. R1h7+ Kg6 35. Rh6+ Kg7 36. R8h7+ Kg8 37. dxc5 Nxc5 38. Qxd5+ 1-0

[Event "GER-ch 80th"]
[Site "Saarbruecken"]
[Date "2009.02.13"]
[Round "8"]
[White "Bastian, Herbert"]
[Black "Mueller, Reinhold"]
[Result "1-0"]
[WhiteElo "2361"]
[BlackElo "2229"]
[EventDate "2009.02.06"]
[PlyCount "73"]

1. e4 e6 2. d4 d5 3. e5 c5 4. c3 Nc6 5. Nf3 Bd7 6. dxc5 Bxc5 7. Bd3 Nge7 8. Qe2 Ng6 9. b4 Bb6 10. b5 Na5 11. h4 Ne7 12. Nbd2 Qc7 13. Bb2 Rc8 14. O-O h6 15. a4 O-O 16. Rfd1 f6 17. c4 dxc4 18. Nxc4 Nxc4 19. Rac1 Nxb2 20. Rxc7 Nxd1 21. Rxc8 Bxf2+ 22. Kf1 Rxc8 23. Qxd1 Be3 24. Ke2 Nd5 25. Qa1 f5 26. Ne1 Rc1 27. Qa3 Be8 28. g4 fxg4 29. Ng2 Nf4+ 30. Nxf4 Bxf4 31. Qe7 Bh5 32. Qxe6+ Bf7 33. Qf5 g5 34. Qh7+ Kf8 35. Qxh6+ Ke7 36. Qf6+ Ke8 37. hxg5 1-0

[Event "GER-ch 80th"]
[Site "Saarbruecken"]
[Date "2009.02.13"]
[Round "8"]
[White "Bischoff, Klaus"]
[Black "Khenkin, Igor"]
[Result "1-0"]
[WhiteElo "2545"]
[BlackElo "2644"]
[EventDate "2009.02.06"]
[PlyCount "79"]

1. Nf3 Nf6 2. c4 c5 3. g3 Nc6 4. Bg2 d5 5. O-O d4 6. e3 e5 7. exd4 cxd4 8. d3 Nd7 9. Ne1 Be7 10. b3 O-O 11. Ba3 Re8 12. Bxe7 Qxe7 13. a3 a5 14. Nd2 Nc5 15. Ne4 Ne6 16. Nd2 f5 17. Bd5 Kh8 18. Nc2 Nc5 19. Nf3 e4 20. dxe4 d3 21. Ne3 fxe4 22. Nd2 Bh3 23. Re1 Qe5 24. Rb1 Nd4 25. b4 axb4 26. axb4 Ra2 27. Kh1 Rxd2 28. Qxd2 Nf3 29. Qd1 Ne6 30. Nf1 Bxf1 31. Rxe4 Qh5 32. Rh4 Bg2+ 33. Kxg2 Nxh4+ 34. Kf1 Qf5 35. Rb3 Nf4 36. gxf4 Qxf4 37. Rxd3 Rf8 38. Qe2 Qxh2 39. Re3 Nf5 40. Re8 1-0

[Event "GER-ch 80th"]
[Site "Saarbruecken"]
[Date "2009.02.13"]
[Round "8"]
[White "Deglmann, Ludwig"]
[Black "Strohhaeker, Raoul"]
[Result "0-1"]
[WhiteElo "2325"]
[BlackElo "2451"]
[EventDate "2009.02.06"]
[PlyCount "84"]

1. e4 c5 2. b3 Nf6 3. e5 Nd5 4. Bb2 g6 5. Nc3 Nxc3 6. Bxc3 Bg7 7. Nf3 Nc6 8. Bb5 Qc7 9. Qe2 O-O 10. O-O a6 11. Bd3 d6 12. exd6 Qxd6 13. Bxg7 Kxg7 14. Rfe1 Bg4 15. h3 Bxf3 16. Qxf3 Rad8 17. Be4 Nd4 18. Qe3 Rd7 19. c3 Nc6 20. Rad1 Rfd8 21. Bxc6 Qxc6 22. d4 e6 23. Qe5+ Kg8 24. Re3 Rd5 25. Qf6 e5 26. Qxc6 bxc6 27. c4 Rxd4 28. Rxd4 exd4 29. Rd3 a5 30. Kf1 Re8 31. a4 Kg7 32. h4 f5 33. g3 Kf6 34. Rd1 h6 35. Rd3 g5 36. hxg5+ hxg5 37. Rd1 g4 38. Rd3 Kg5 39. Rd1 f4 40. gxf4+ Kxf4 41. Rd3 Rh8 42. Kg2 Rh3 0-1